|
|
|
|
| LEADER |
00000nam a22000007a 4500 |
| 005 |
20191114204555.0 |
| 007 |
cr|||| |||| |
| 008 |
191114s2019 co |||||s|||| 00||0 spa d |
| 020 |
|
|
|a 978-958-762-960-6
|
| 035 |
|
|
|a 30671
|
| 040 |
|
|
|a vLex
|
| 090 |
|
|
|c 9998
|d 9998
|
| 100 |
1 |
|
|a Chu Rubio, Manuel
|
| 245 |
1 |
0 |
|a Finanzas Aplicadas
|h [Recurso electrn̤ico] :
|b Teora̕ y prc̀tica /
|c Manuel Chu Rubio
|
| 256 |
|
|
|a Servicio en ln̕ea
|
| 260 |
|
|
|a Bogot:̀
|b Ediciones de la U,
|c 2019
|
| 300 |
|
|
|a 1 recurso electrn̤ico
|
| 500 |
|
|
|a Los responsables del manejo de diversas r̀eas de cualquier empresa deben necesariamente tomar decisiones en funcin̤ del objetivo comn︢ de creacin̤ de valor, para lo cual se necesita, entre otros aspectos, el entendimiento de la relacin̤ existente entre el riesgo que cualquier decisin̤ genera y los niveles de rentabilidad esperados. En esta cuarta edicin̤ se han actualizado algunos conceptos y reportes financieros, que siguen mostrando de forma didc̀tica los principios bs̀icos para comprender las decisiones financieras que esencialmente implican riesgo y rentabilidad. Esta obra desarrolla conceptos bs̀icos, como los de costo de oportunidad, valor del dinero en el tiempo y anl̀isis de diversos tp̤icos contables relacionados con la gestin̤ financiera. Es, en suma, una estupenda introduccin̤ a la estructura del sistema financiero para ejecutivos y profesionales cuya labor diaria no son las finanzas.
|
| 506 |
1 |
|
|a Disponible solo en los productos indicados
|d vLex Global
|d vLex Global (Academic Edition, excluding Law Schools)
|d vLex Global (U.S. Academic Edition, Law Schools)
|d vLex Global (U.S. Academic Edition, excluding Law Schools)
|d vLex Global (Academic Edition, Law Schools)
|
| 650 |
0 |
4 |
|a Financiero
|z Colombia
|
| 650 |
0 |
4 |
|a Contabilidad
|z Colombia
|
| 650 |
0 |
4 |
|a Economa̕ y negocios
|z Colombia
|
| 740 |
0 |
|
|a vLex Libros (Servicio en ln̕ea)
|
| 856 |
4 |
0 |
|u http://vlex.com/source/finanzas-aplicadas-teoria-y-practica-30671
|z Acceso restringido
|
| 942 |
|
|
|c BOOK
|
| 999 |
0 |
|
|a Financial
|
| 999 |
0 |
|
|a Accounting
|
| 999 |
0 |
|
|a Economy and business
|